[Event "GER-ch Seniors 65 31st"]
[Site "Radebeul"]
[Date "2019.05.03"]
[Round "8"]
[White "Andrijenko, Anatoliy"]
[Black "Juergens, Peter1111"]
[Result "1/2-1/2"]
[WhiteElo "1828"]
[BlackElo "1899"]
[PlyCount "26"]
[EventDate "2019.04.26"]
[EventType "swiss"]
[EventRounds "9"]
[EventCountry "GER"]
[SourceTitle "CBM 190 Extra"]
[Source "ChessBase"]
[SourceDate "2019.07.15"]
[SourceVersion "1"]
[SourceVersionDate "2019.07.15"]
[SourceQuality "1"]

1. e4 e6 2. d4 d5 3. Nc3 Bb4 4. exd5 exd5 5. Bd3 Ne7 6. Nge2 0-0 7. 0-0 Bf5 8. Bg5 f6 9. Bf4 Bd6 10. Re1 c6 11. Qd2 Bxd3 12. Qxd3 Ng6 13. Qg3 Nxf4 1/2-1/2

[Event "GER-ch Seniors 65 31st"]
[Site "Radebeul"]
[Date "2019.04.26"]
[Round "1"]
[White "Essegern, Kurt"]
[Black "Andrijenko, Anatoliy"]
[Result "1-0"]
[WhiteElo "2116"]
[BlackElo "1828"]
[PlyCount "141"]
[EventDate "2019.04.26"]
[EventType "swiss"]
[EventRounds "9"]
[EventCountry "GER"]
[SourceTitle "CBM 190 Extra"]
[Source "ChessBase"]
[SourceDate "2019.07.15"]
[SourceVersion "1"]
[SourceVersionDate "2019.07.15"]
[SourceQuality "1"]

1. e4 c5 2. Nf3 g6 3. d4 cxd4 4. Nxd4 Bg7 5. Nc3 Nc6 6. Be3 d6 7. Bc4 Nf6 8. f3 Bd7 9. Qd2 a6 10. 0-0-0 0-0 11. h4 Re8 12. Bb3 b5 13. h5 Na5 14. hxg6 Nxb3+ 15. axb3 fxg6 16. Bh6 e5 17. Bxg7 Kxg7 18. Nde2 b4 19. Nd5 Nxd5 20. Qh6+ Kf6 21. Rxd5 Be6 22. Qh4+ Kg7 23. Qxh7+ Kf6 24. Qh4+ Kg7 25. Qxd8 Raxd8 26. Rd3 d5 27. exd5 Rxd5 28. Rxd5 Bxd5 29. Kd2 e4 30. Nd4 exf3 31. gxf3 Kf6 32. Ra1 Bb7 33. Ra4 Rd8 34. Ke3 Re8+ 35. Kd3 Rd8 36. Rxb4 Bxf3 37. Ke3 Bd5 38. Rb6+ Kg5 39. Rxa6 Re8+ 40. Kd3 Be4+ 41. Kd2 Kf4 42. c3 g5 43. Re6 Rg8 44. Ne2+ Kf5 45. Re7 Ba8 46. b4 g4 47. b5 g3 48. c4 g2 49. b6 Kf6 50. Re3 g1Q 51. Nxg1 Rxg1 52. b4 Rb1 53. b5 Ra1 54. Kc2 Kf7 55. Kb2 Rg1 56. Kc3 Rg6 57. c5 Re6 58. Rh3 Re5 59. Kb4 Re4+ 60. Ka5 Re2 61. b7 Bxb7 62. Rh7+ Ke6 63. Rxb7 Kd5 64. Kb6 Re6+ 65. c6 Kc4 66. Ka7 Kc5 67. c7 Re8 68. Rb8 Re7 69. b6 Kc6 70. Ka8 Rxc7 71. bxc7 1-0

[Event "GER-chB Seniors 28th"]
[Site "Niederhausen"]
[Date "2016.08.15"]
[Round "3"]
[White "Reeh, Axel"]
[Black "Andrijenko, Anatoliy"]
[Result "0-1"]
[WhiteElo "1760"]
[BlackElo "1845"]
[PlyCount "67"]
[EventDate "2016.08.13"]
[EventType "swiss"]
[EventRounds "9"]
[EventCountry "GER"]
[SourceTitle "EXT 2019"]
[Source "ChessBase"]
[SourceDate "2018.10.10"]
[SourceVersion "1"]
[SourceVersionDate "2018.10.10"]
[SourceQuality "1"]

1. d4 Nf6 2. c4 g6 3. Nc3 Bg7 4. e4 0-0 5. Nf3 d6 6. Be2 Nbd7 7. 0-0 e5 8. d5 Nc5 9. Nd2 a5 10. a3 a4 11. f3 Nh5 12. g3 Bd7 13. b4 axb3 14. Nxb3 Na4 15. Qd2 Nxc3 16. Qxc3 f5 17. Bb2 Qg5 18. Kh1 Qh6 19. Rg1 f4 20. Bc1 g5 21. Kg2 fxg3 22. hxg3 Nf4+ 23. gxf4 Bh3+ 24. Kf2 Qh4+ 25. Rg3 exf4 26. Bxf4 Bxc3 27. Rh1 g4 28. Rhxh3 Qxh3 29. Rxh3 gxh3 30. Bg3 Rxa3 31. Nc1 Bd4+ 32. Ke1 Ra1 33. Kd2 Rfa8 34. Bf1 0-1

[Event "Mittelrhein Verbandsliga-M 15/16"]
[Site "Nordrheinwestfalen"]
[Date "2016.05.01"]
[Round "11.4"]
[White "Schmitz, Manuela"]
[Black "Andrijenko, Anatoliy"]
[Result "1/2-1/2"]
[WhiteElo "1900"]
[BlackElo "1782"]
[PlyCount "79"]
[EventDate "2015.09.06"]
[EventType "team-tourn"]
[EventRounds "11"]
[EventCountry "GER"]
[SourceTitle "EXT 2022"]
[Source "ChessBase"]
[SourceDate "2021.10.06"]
[SourceVersion "1"]
[SourceVersionDate "2021.10.06"]
[SourceQuality "1"]
[WhiteTeam "Eikamp Freibauer"]
[BlackTeam "Koeln Longerich"]
[WhiteTeamCountry "GER"]
[BlackTeamCountry "GER"]

1. d4 Nf6 2. Nf3 g6 3. c4 Bg7 4. Nc3 0-0 5. e4 d6 6. Be2 Bg4 7. 0-0 Nbd7 8. Be3 c6 9. h3 Bxf3 10. Bxf3 a6 11. a4 a5 12. Qc2 Rc8 13. Rad1 Qc7 14. Be2 e6 15. Bf4 e5 16. dxe5 Nxe5 17. Bg3 d5 18. exd5 cxd5 19. Nxd5 Qd6 20. Nxf6+ Qxf6 21. Bxe5 Qxe5 22. b3 Rcd8 23. Bf3 b6 24. Rfe1 Qc3 25. Qxc3 Bxc3 26. Rxd8 Rxd8 27. Rc1 Bb4 28. Bd5 Kf8 29. Kf1 h6 30. g3 f5 31. Rd1 Rd6 32. Rd3 Bc5 33. Rf3 Ke7 34. g4 Rf6 35. gxf5 Rxf5 36. Rxf5 gxf5 37. Ke2 Kf6 38. f4 Bd4 39. Bc6 Bg1 40. Kf3 1/2-1/2

[Event "Mittelrhein Verbandsliga-M 15/16"]
[Site "Nordrheinwestfalen"]
[Date "2016.01.31"]
[Round "7.4"]
[White "Porn, Juergen"]
[Black "Andrijenko, Anatoliy"]
[Result "0-1"]
[WhiteElo "1951"]
[BlackElo "1696"]
[PlyCount "98"]
[EventDate "2015.09.06"]
[EventType "team-tourn"]
[EventRounds "11"]
[EventCountry "GER"]
[SourceTitle "EXT 2022"]
[Source "ChessBase"]
[SourceDate "2021.10.06"]
[SourceVersion "1"]
[SourceVersionDate "2021.10.06"]
[SourceQuality "1"]
[WhiteTeam "Esch SF"]
[BlackTeam "Koeln Longerich"]
[WhiteTeamCountry "GER"]
[BlackTeamCountry "GER"]

1. Nf3 d5 2. d3 Nf6 3. Nbd2 Nc6 4. e4 dxe4 5. dxe4 e5 6. c3 Bd6 7. Bd3 0-0 8. Nc4 h6 9. Ne3 Be6 10. Qc2 a6 11. Bc4 Bxc4 12. Nxc4 Qe7 13. Ne3 Qe6 14. Nf5 Ne7 15. N5h4 Ng6 16. g3 Nxh4 17. Nxh4 Qc4 18. Nf5 b5 19. Ne3 Qe6 20. g4 Rad8 21. Qb3 Qd7 22. Nf5 Bc5 23. Qc2 Qd3 24. Qxd3 Rxd3 25. Ke2 Rfd8 26. g5 hxg5 27. Bxg5 R8d7 28. Nd4 Nh7 29. Bh4 Bxd4 30. Kxd3 Bxf2+ 31. Ke2 Bxh4 32. Rhd1 Rd6 33. a4 Rb6 34. axb5 Rxb5 35. b4 c5 36. Rxa6 cxb4 37. Ra8+ Nf8 38. c4 Rc5 39. Kd3 Be7 40. Ra7 Ng6 41. Re1 Nf4+ 42. Ke3 Ng6 43. Kd3 Rc8 44. Rb7 Nf4+ 45. Kd2 Bg5 46. Rg1 Nh3+ 47. Rxg5 Nxg5 48. Rxb4 Ne6 49. Kc3 Nd4 0-1

[Event "Mittelrhein Verbandsliga-M 15/16"]
[Site "Nordrheinwestfalen"]
[Date "2015.11.15"]
[Round "4.4"]
[White "Andrijenko, Anatoliy"]
[Black "Thiel, Joachim"]
[Result "0-1"]
[WhiteElo "1696"]
[BlackElo "1927"]
[PlyCount "104"]
[EventDate "2015.09.06"]
[EventType "team-tourn"]
[EventRounds "11"]
[EventCountry "GER"]
[SourceTitle "EXT 2022"]
[Source "ChessBase"]
[SourceDate "2021.10.06"]
[SourceVersion "1"]
[SourceVersionDate "2021.10.06"]
[SourceQuality "1"]
[WhiteTeam "Koeln Longerich"]
[BlackTeam "Kalker/Deutzer SG"]
[WhiteTeamCountry "GER"]
[BlackTeamCountry "GER"]

1. e4 c6 2. d4 d5 3. e5 Bf5 4. h4 h5 5. Ne2 e6 6. Ng3 Bg6 7. Bd3 Bxd3 8. Qxd3 Be7 9. f4 Bxh4 10. f5 exf5 11. 0-0 g6 12. Ne2 Na6 13. c3 Nc7 14. Nd2 Nh6 15. Nf3 Be7 16. Bxh6 Rxh6 17. Nf4 Qd7 18. Qe3 g5 19. e6 fxe6 20. Ne5 Qd6 21. Nh3 f4 22. Qd3 Bf6 23. Rae1 Qe7 24. b4 0-0-0 25. a4 Ne8 26. b5 c5 27. a5 Nd6 28. a6 Bxe5 29. axb7+ Kxb7 30. Rxe5 Ne4 31. Nf2 c4 32. Qc2 Nd6 33. Ra1 Rb8 34. Rae1 Ka8 35. Rxd5 g4 36. Rde5 f3 37. b6 Rxb6 38. Ra1 g3 39. Nh3 f2+ 40. Kf1 Qb7 41. Rd1 Rb1 42. Rg5 Rxd1+ 43. Qxd1 h4 44. Rg8+ Nc8 45. Rf8 Kb8 46. Qc1 Rh5 47. Qf4+ Ka8 48. Rxc8+ Qxc8 49. Qf3+ Rd5 50. Nf4 Qb7 51. Nxd5 Qb1+ 52. Ke2 Qe1# 0-1

[Event "GER-chB Seniors 27th"]
[Site "Magdeburg"]
[Date "2015.08.18"]
[Round "4"]
[White "Essig, Gerd"]
[Black "Andrijenko, Anatoliy"]
[Result "1-0"]
[WhiteElo "1744"]
[BlackElo "1902"]
[PlyCount "36"]
[EventDate "2015.08.15"]
[EventType "swiss"]
[EventRounds "9"]
[EventCountry "GER"]
[SourceTitle "EXT 2018"]
[Source "ChessBase"]
[SourceDate "2017.10.13"]
[SourceVersion "1"]
[SourceVersionDate "2017.10.13"]
[SourceQuality "1"]

1. e4 c5 2. Nf3 d6 3. c3 Nc6 4. Bb5 Bd7 5. 0-0 Nf6 6. Re1 e5 7. d3 Be7 8. Bd2 a6 9. Ba4 0-0 10. Kf1 b5 11. Bc2 a5 12. h3 Qc7 13. Nh2 d5 14. f3 Rad8 15. Bg5 Be6 16. Qe2 h6 17. Bh4 Nh5 18. Bxe7 Qxe7 1-0

[Event "GER-chB Seniors 26th"]
[Site "Bad Neuenahr"]
[Date "2014.08.12"]
[Round "8"]
[White "Andrijenko, Anatoliy"]
[Black "Pawlik, Bodo"]
[Result "1-0"]
[WhiteElo "1866"]
[BlackElo "1936"]
[PlyCount "99"]
[EventDate "2014.08.05"]
[EventType "swiss"]
[EventRounds "9"]
[EventCountry "GER"]
[SourceTitle "EXT 2018"]
[Source "ChessBase"]
[SourceDate "2017.10.13"]
[SourceVersion "1"]
[SourceVersionDate "2017.10.13"]
[SourceQuality "1"]

1. e4 c6 2. d4 d5 3. e5 e6 4. Nf3 c5 5. c3 Nc6 6. Be2 cxd4 7. cxd4 Bb4+ 8. Nc3 Nge7 9. a3 Bxc3+ 10. bxc3 h6 11. 0-0 0-0 12. Bf4 Ng6 13. Be3 Na5 14. Qc2 Qc7 15. Rab1 a6 16. h4 b5 17. h5 Ne7 18. g4 Nc4 19. Bxc4 dxc4 20. Qd2 Kh7 21. Nh4 Bb7 22. f3 f6 23. f4 Qc6 24. Qg2 Nd5 25. Bd2 Qd7 26. Qg3 fxe5 27. fxe5 Qc6 28. Kh2 Ne7 29. g5 Nf5 30. g6+ Kg8 31. Nxf5 Rxf5 32. Rxf5 exf5 33. Rf1 Rf8 34. Bf4 Qe4 35. Qf2 Qd3 36. Rc1 Bf3 37. Qe3 Bxh5 38. Rg1 Re8 39. Bxh6 Qxe3 40. Bxe3 Re6 41. Bf4 Rxg6 42. Rxg6 Bxg6 43. e6 Kf8 44. Bd6+ Ke8 45. Bc5 f4 46. d5 Be4 47. d6 Bc6 48. Bd4 Bd7 49. exd7+ Kxd7 50. Bc5 1-0

[Event "GER-chB Seniors 26th"]
[Site "Bad Neuenahr"]
[Date "2014.08.07"]
[Round "3"]
[White "Flockerzi, Armin"]
[Black "Andrijenko, Anatoliy"]
[Result "1/2-1/2"]
[WhiteElo "1803"]
[BlackElo "1866"]
[PlyCount "66"]
[EventDate "2014.08.05"]
[EventType "swiss"]
[EventRounds "9"]
[EventCountry "GER"]
[SourceTitle "EXT 2018"]
[Source "ChessBase"]
[SourceDate "2017.10.13"]
[SourceVersion "1"]
[SourceVersionDate "2017.10.13"]
[SourceQuality "1"]

1. d4 Nf6 2. c4 g6 3. Nf3 Bg7 4. e3 0-0 5. b3 c6 6. Bb2 d5 7. Nbd2 Bg4 8. Be2 Re8 9. Ne5 Bxe2 10. Qxe2 Nbd7 11. 0-0 Nxe5 12. dxe5 Nd7 13. f4 e6 14. Rfd1 Qc7 15. Rac1 Bf8 16. Nf3 dxc4 17. Rxc4 Nb6 18. Rc2 Red8 19. Rxd8 Rxd8 20. g3 Nd5 21. Rd2 Bb4 22. Rd3 c5 23. e4 Ne7 24. Qd1 Rxd3 25. Qxd3 a6 26. Qd6 Ba5 27. Ba3 Nc8 28. Qxc7 Bxc7 29. Bxc5 Nb6 30. Bxb6 Bxb6+ 31. Kg2 Kf8 32. Ng5 h6 33. Nh3 Be3 1/2-1/2

[Event "Cologne Longerich op-A 10th"]
[Site "Cologne"]
[Date "2013.07.22"]
[Round "5"]
[White "Thierkopf, Guido"]
[Black "Andrijenko, Anatoliy"]
[Result "1-0"]
[WhiteElo "1710"]
[BlackElo "1914"]
[PlyCount "49"]
[EventDate "2013.07.19"]
[EventType "tourn"]
[EventRounds "5"]
[EventCountry "GER"]
[SourceTitle "EXT 2017"]
[Source "ChessBase"]
[SourceDate "2016.10.25"]
[SourceVersion "1"]
[SourceVersionDate "2016.10.25"]
[SourceQuality "1"]

1. e4 c5 2. Nf3 d6 3. Bb5+ Nc6 4. h3 Nf6 5. Nc3 a6 6. Bxc6+ bxc6 7. e5 Nd7 8. exd6 exd6 9. 0-0 Be7 10. Re1 0-0 11. Qe2 Bf6 12. Ne4 d5 13. Nxf6+ Nxf6 14. d3 Qd6 15. Qe5 Qxe5 16. Nxe5 Re8 17. Bg5 Bb7 18. Bxf6 gxf6 19. Nd7 Kg7 20. Nxc5 Rxe1+ 21. Rxe1 Bc8 22. Re7 Bf5 23. g4 Bg6 24. Rc7 Re8 25. Rxc6 1-0

[Event "Rheinland Pfalz op 4th"]
[Site "Altenkirchen"]
[Date "2012.06.08"]
[Round "4"]
[White "Kaster, Martin"]
[Black "Andrijenko, Anatoliy"]
[Result "1-0"]
[WhiteElo "2082"]
[BlackElo "1714"]
[PlyCount "48"]
[EventDate "2012.06.07"]
[EventType "swiss"]
[EventRounds "7"]
[EventCountry "GER"]
[SourceTitle "CBM 148 Extra"]
[Source "ChessBase"]
[SourceDate "2012.06.22"]
[SourceVersion "1"]
[SourceVersionDate "2012.06.22"]
[SourceQuality "1"]

1. Nf3 d5 2. d4 Nf6 3. c4 dxc4 4. Nc3 e6 5. Bg5 Be7 6. e4 0-0 7. Bxc4 c6 8. 0-0 b5 9. Bd3 b4 10. Na4 a5 11. Rc1 Bd7 12. Qe2 h6 13. Bd2 Re8 14. e5 Nd5 15. Qe4 f5 16. exf6 Bxf6 17. Nc5 Kf8 18. Qh7 Nc7 19. Rfe1 Kf7 20. Ne4 Nb5 21. Nxf6 Qxf6 22. Ne5+ Ke7 23. Ng4 Qxd4 24. Qf5 Qd6 1-0